MDQL
is popping MORE tags! Check the
thread
!
Quizzes
Events
Quiz Creation
Community
Videos
Private Events
Remove Ads
Sign In
Join for FREE
Feedback
Dark Mode
Quiz Categories
Sports
Geography
Music
Movies
Television
Just For Fun
Miscellaneous
History
Literature
Language
Science
Gaming
Entertainment
Religion
Holiday
For Kids
Quiz Lab
Recent
Popular Today
Quiz Kudos Today
Editor Picks
Curator Picks
Quizzes by...
Day
Popularity
Type
Ratings
Length
Year
Community
Subscriptions
Recent Discussions
Orange Saloon
Badges
Playlists
Quests
Create
Leaderboards
Showdown
Live 5
Trivia Bingo
Activity
Puzzle Library
Sporcle Events
Private Events
Virtual Trivia
Globe League
Become a Host
Pub Owners
SporcleCon
Opinionation
Our Games
Videos
Blog
Mobile Apps
Partnerships
Remove Ads and Go Orange
Feedback
Movies
Disney
Marvel Cinematic Universe
Movie Resume
Movie Titles
Oscar
Actor
Actress
Director
Pixar
Role
Movie Quotes
Movie Characters
Box Office
Nominee
Best Picture
Star Wars
James Bond
Horror Movies
Movies
Disney
Marvel Cinematic Universe
Movie Resume
Movie Titles
Oscar
Actor
Actress
Director
Pixar
Role
Movie Quotes
Movie Characters
Box Office
Nominee
Best Picture
Star Wars
James Bond
Horror Movies
Random Quiz
Search Sporcle
×
Quiz Lab
Quiz Lab
Movies
Director
Type in answers that appear in a list
Type in answers that appear in a list
Classic
Best Score? Go Orange.
John Ford's Feature Films Stats
Can you name the John Ford's Feature Films?
By
moviesnmovies
15m
119 Questions
660 Plays
660 Plays
660 Plays
Comments
Comments
Give Quiz Kudos
Give Quiz Kudos
-
- Ratings
hide this ad
More Info
Replay
Link that replays current quiz
Next Quiz
Link to next quiz in quiz playlist
You Got
0%
They Got
Avg Score
20%
Avg Friend Score
Upgrade to see
Score Distribution
Jump to the score distribution portion of the page
Score
0/119
Timer
15:00
0
Plays Today
Year
Film
% Correct
1956
The Searchers
91.2%
1939
Stagecoach
88.2%
1941
How Green Was My Valley
80.2%
1949
She Wore a Yellow Ribbon
79.8%
1962
How the West Was Won
77.3%
1952
The Quiet Man
76.7%
1962
The Man Who Shot Liberty Valance
74.4%
1948
Fort Apache
74.4%
1950
Rio Grande
72.1%
1940
The Grapes of Wrath
69.5%
1935
The Informer
69.5%
1946
My Darling Clementine
67.4%
1964
Cheyenne Autumn
53.5%
1966
7 Women
52.9%
1963
Donovan's Reef
52.9%
1939
Young Mr. Lincoln
49.7%
1948
3 Godfathers
48.9%
1959
The Horse Soldiers
48.3%
1950
Wagon Master
48.3%
1955
Mister Roberts
47.6%
1960
Sergeant Rutledge
47%
1924
The Iron Horse
45.2%
1939
Drums Along the Mohawk
43.9%
1958
The Last Hurrah
43.8%
1945
They Were Expendable
42.7%
1940
The Long Voyage Home
41.4%
1961
Two Rode Together
40.9%
1957
The Wings of Eagles
40.3%
1953
Mogambo
36.1%
1934
Judge Priest
34.8%
1936
Mary of Scotland
33.6%
1947
The Fugitive
30.3%
1937
Wee Willie Winkie
29.5%
1941
Tobacco Road
27.6%
1955
The Long Gray Line
27.4%
1937
The Hurricane
27.4%
1958
Gideon of Scotland Yard
25%
1965
Young Cassidy
24.5%
1936
The Prisoner of Shark Island
24.1%
1949
Pinky
23.9%
Year
Film
% Correct
1953
The Sun Shines Bright
21.5%
1933
Doctor Bull
18.8%
1931
Arrowsmith
17.6%
1926
3 Bad Men
17.6%
1934
The Lost Patrol
17.4%
1930
Up the River
17%
1935
Steamboat Round the Bend
15%
1952
What Price Glory
14.8%
1917
Straight Shooting
14.8%
1950
When Willie Comes Marching Home
13%
1928
Four Sons
12.9%
1936
The Plough and the Stars
12.3%
1935
The Whole Town's Talking
12.3%
1933
Pilgrimage
11.8%
1957
The Rising of the Moon
11.5%
1920
Just Pals
9.8%
1917
Bucking Broadway
9.4%
1938
Four Men and a Prayer
7.1%
1932
Air Mail
7%
1938
Submarine Patrol
6.5%
1928
Hangman's House
6.5%
1930
Men Without Women
6.2%
1931
The Brat
5.3%
1931
Seas Beneath
5%
1934
The World Moves On
4.5%
1932
Flesh
4.5%
1929
The Black Watch
4.4%
1928
Mother Machree
4.4%
1927
Upstream
4.1%
1928
Riley the Cop
3.9%
1938
The Adventures of Marco Polo
3.9%
1923
Cameo Kirby
3.6%
1930
Born Reckless
3.5%
1929
Salute
3.5%
1925
Kentucky Pride
3.5%
1925
Lightnin'
3.3%
1926
The Blue Eagle
3.2%
1918
Hell Bent
3.2%
1926
The Shamrock Handicap
2.9%
1925
Thank You
2.7%
Year
Film
% Correct
1929
Strong Boy
2.4%
1922
The Village Blacksmith
2.3%
1922
Silver Wings
2.1%
1918
The Scarlet Drop
2.1%
1917
A Marked Man
2.1%
1917
The Secret Man
2.1%
1923
North of Hudson Bay
2%
1923
Three Jumps Ahead
2%
1921
Action
2%
1919
Bare Fists
2%
1918
A Woman's Fool
2%
1918
Thieves' Gold
2%
1924
Hearts of Oak
1.8%
1921
The Wallop
1.8%
1921
The Big Punch
1.8%
1920
Hitchin' Posts
1.8%
1919
Marked Men
1.8%
1919
A Gun Fightin' Gentleman
1.8%
1919
Ace of the Saddle
1.8%
1919
The Outcasts of Poker Flat
1.8%
1919
Roped
1.8%
1918
The Craving
1.8%
1918
Wild Women
1.8%
1918
The Phantom Riders
1.8%
1922
Little Miss Smiles
1.7%
1925
The Fighting Heart
1.7%
1923
Hoodman Blind
1.7%
1921
Jackie
1.7%
1921
Sure Fire
1.7%
1920
The Girl in Number 29
1.7%
1919
Riders of Vengeance
1.7%
1919
A Fight for Love
1.7%
1918
Three Mounted Men
1.7%
1917
The Fighting Gringo
1.7%
1923
The Face on the Bar-Room Floor
1.5%
1921
Desperate Trails
1.5%
1920
The Prince of Avenue A
1.5%
1919
Rider of the Law
1.5%
1921
The Freeze-Out
1.4%
Quiz Playlist
Details
Report
Send in Message
Add To Playlist
More Info:
the feature length films of John Ford, one of the most prolific and greatest filmmakers to ever live
Classic:
Type in answers that appear in a list
Quiz Source
Last Updated: May 27, 2017
Quiz Scoreboard
CHALLENGE
Sign Up to Join the Scoreboard
Show All
Scores
Hide
Comments
May contain spoilers
Recently Published
Image Sorting: Flags VI
by Barbecue
Geography
2m
Find the 'City' Movie
by crazypaving
Movies
60s
Colored Red Africa Blitz
by spor1
Geography
45s
More to Explore
Quiz From the Vault
Featured Blog Post
14 Easter Pick-up Lines to Find Eggs With
hide this ad
You Might Also Like...
Tags
Director Quiz
Career
Filmography
ford
john
Today's Top Quizzes in Movies
Browse Movies
hide this ad
Today's Top Quizzes in Director
Browse Director
Top Contributed Quizzes in Movies
1
Find The 'Big' Movie
2
Find The 'Wild' Movie
3
Find The 'Blue' Movie
4
Movies By Plot
5
Hidden Star Wars Character II
6
Pick 5 Posters: Directed by Spielberg
7
The ultimate James Bond movie quiz
8
Hidden Star Wars Character III
9
Hidden Star Wars Character IV
10
25 Best Actor Nominees (1990s)
Explore More
Trending Topics
Marvel
Crossword
Kpop
Anime
Disney
Harry Potter
NBA
Puzzle
Country
Pokémon
Song
NFL
WWE
Soccer
The Office
hide this ad
More By:
moviesnmovies
Quiz
Plays
Rating
Category
Featured
Created
John Ford's Feature Films
660
5.00
Movies
Feb 6, 2011
Billy Wilder's Feature Films
84
5.00
Movies
Feb 6, 2011
Films Directed by Beat Takeshi
28
4.00
Movies
Feb 6, 2011
Catherine Hardwicke's Feature Films
10
5.00
Movies
Feb 16, 2011
Go to Creator's Profile
Score Distribution
Quiz Creator Spotlight
moviesnmovies
Follow
Send a Message
Quizzes Created
-
Created Quiz Play Count
-
More By This Creator
Popular Quizzes Today
1
Colored Red Africa Blitz
2
Find the US States - No Outlines Minefield
3
Find the 'City' Movie
4
5x2 Blitz: Bands
5
The Countries of the World
6
Find the US States
7
Find the Countries of Europe - No Outlines Minefield
8
US States
More Movies Quizzes
Missing Movie Antonyms III
Published
Trending Quizzes
Colored Red Europe Blitz I
Colored Red Europe Blitz II
Colored Red Africa Blitz II
Colored Red Europe Blitz III
Colored Red Africa Blitz III
Recently Updated
How Do You Spell That?
pecheneg
Godzilla Movies
pecheneg
Grab Bag: 4-10 Letters
pecheneg
2024 March Madness Bracket
pecheneg
Famous TV Couples
Peacemaker
Champions League XIs: Real Madrid
pecheneg
Largest US Cities 1790-2010
pecheneg
Rides in Walt Disney World
pecheneg
Most Oscar Losses (Acting)
pecheneg
Beyoncé Albums
pecheneg
Trending Topics
Kpop
NBA
Harry Potter
Disney
Marvel
Anime
Crossword
NFL
Country
The Office
WWE
Pokémon
Song
Puzzle
Soccer
Your Account Isn't Verified!
In order to create a playlist on Sporcle, you need to verify the email address you used during registration. Go to your
Sporcle Settings
to finish the process.
Report this User
Report this user for behavior that violates our
Community Guidelines
.
Details:
Send Report
Go to the Sporcle.com Mobile Site →
Comments